01220nam a2200253 i 450000100060000000300090000600500170001500700030003200800410003508000600007610000660013624502200020224600240042226000490044630000210049559400300051660000810054660000820062770000610070971000350077085200220080599900170082795201220084444478ES-MaACL20250820063031.0t|030321s1965 sp ||||1| spa d a821.134.2 Cervantes Saavedra, Miguel de 7 Quijote.06:581 aCeballos y Fernández de Córdoba, Luis, d1896-196793728410aDiscurso de recepción del académico numerario Excmo. Sr. D. Luis Ceballos Fernández de Córdoba y contestación del Excmo. Sr. D. Francisco Javier Sánchez Cantón b: sesión del 12 de diciembre de 1965.3 aFlora del "Quijote" aMadrid : bReal Academia Española, c1965. a54 p. ; c25 cm. aTema: Flora del "Quijote"14aCervantes Saavedra, Miguel de,d1547-1616. tDon Quijote de la Mancha93761214aCervantes Saavedra, Miguel de,d1547-1616-xConocimientos-xBotánica9375981 aSánchez Cantón, Francisco Javier,d1891-197191025212 aReal Academia Española963364 aES-MaACLjC-28440 c44478d44478 00104070aATENEOMbATENEOMcDEPO2d2008-01-17eSCl0oC-28440p1046809r2023-02-23 00:00:00w2023-02-23yMONOGRAFIA